| 000 | 00661nam a2200217 a 4500 | ||
|---|---|---|---|
| 001 | 000031384 | ||
| 003 | DO-SdBNP | ||
| 005 | 20240312192335.0 | ||
| 008 | 110620s1962 dr a 000 p spa d | ||
| 040 |
_aDO-SdBNP _bspa _cBNPHU |
||
| 049 | _aBNPD | ||
| 082 |
_axxx _bN272h |
||
| 100 | 1 |
_a Carmen Natalia, _d 1917-1976 _929216 |
|
| 245 | 1 | 3 |
_aUn hombre tras las rejas / _cCarmen Natalia ; dibujo de Noemi Mella. |
| 260 |
_aSanto Domingo : _bBrigadas Dominicanas ; _bEditorial La Nación, _c1962. |
||
| 300 |
_a52 p. : _bil. ; _c23 cm. |
||
| 490 | 1 |
_aBaluarte _v6 |
|
| 700 | 1 |
_aMella, Noemi, _edib. _957807 |
|
| 830 | 0 |
_aBaluarte; _n6 _957808 |
|
| 942 |
_2ddc _cLBS1 |
||
| 999 |
_c30876 _d30876 |
||